| Tag |
First Indicator |
Second Indicator |
Subfields |
| LEADER |
00000cam a2200000 4500 |
| 001 |
in00000424698 |
| 005 |
20151012060940.0 |
| 008 |
750507c19351934ctu b 00110 engmd |
| 035 |
|
|
|a (OCoLC)01316457
|
| 035 |
|
|
|9 ABV4334AM
|
| 040 |
|
|
|c MIA
|d m.c.
|d OCL
|d TXA
|d UtOrBLW
|
| 049 |
|
|
|a TXAM
|c [56742]
|
| 090 |
|
|
|a U39
|b .L5 1935
|
| 100 |
1 |
|
|a Liddell Hart, Basil Henry,
|c Sir,
|d 1895-1970.
|
| 245 |
1 |
4 |
|a The ghost of Napoleon /
|c by Liddell Hart.
|
| 264 |
|
1 |
|a New Haven :
|b Yale University press,
|c [1934]
|
| 264 |
|
3 |
|c [1935 printing]
|
| 264 |
|
4 |
|c [©1934]
|
| 300 |
|
|
|a 199 pages ;
|c 21 cm.
|
| 336 |
|
|
|a text
|b txt
|2 rdacontent
|
| 337 |
|
|
|a unmediated
|b n
|2 rdamedia
|
| 338 |
|
|
|a volume
|b nc
|2 rdacarrier
|
| 504 |
|
|
|a "Bibliographical note": pages 186-193.
|
| 600 |
0 |
0 |
|a Napoleon
|b I,
|c Emperor of the French,
|d 1769-1821.
|
| 650 |
|
0 |
|a Military art and science
|x History.
|
| 650 |
|
0 |
|a War.
|
| 999 |
|
|
|a MARS
|
| 999 |
f |
f |
|s ee3fe5a7-243e-3190-a64d-73a158e9f997
|i fbada0da-5fb4-35dc-bcef-d3a472d22094
|t 0
|
| 952 |
f |
f |
|p ric
|a Texas A&M University
|b Rellis Campus
|c Joint Library Facility
|d Remote Storage
|t 0
|e U39 .L5 1935
|h Library of Congress classification
|i unmediated -- volume
|m A14809094786
|
| 998 |
f |
f |
|a U39 .L5 1935
|t 0
|l Remote Storage
|